|
|
|
|
| LEADER |
00000nam0a2200000 4500 |
| 001 |
309904 |
| 005 |
20231102002233.0 |
| 020 |
|
|
|a RU
|b 82-24498
|
| 035 |
|
|
|a (RuTPU)RU\TPU\book\335243
|
| 090 |
|
|
|a 309904
|
| 100 |
|
|
|a 20151118d1981 k y0rusy5003 ca
|
| 101 |
0 |
|
|a rus
|
| 102 |
|
|
|a RU
|
| 105 |
|
|
|a a z 001zy
|
| 200 |
1 |
|
|a Вопросы преобразовательной техники и частотного электропривода
|e межвузовский научный сборник
|f Саратовский политехнический институт (СПИ) ; под ред. И. И. Кантера
|
| 210 |
|
|
|a Саратов
|c Изд-во СПИ
|d 1981
|
| 215 |
|
|
|a 112 с.
|c ил.
|
| 320 |
|
|
|a Библиогр. в конце ст.
|
| 606 |
1 |
|
|a Преобразователи
|2 stltpush
|3 (RuTPU)RU\TPU\subj\51155
|9 69758
|
| 610 |
1 |
|
|a электроприводы
|
| 610 |
1 |
|
|a частотные электроприводы
|
| 610 |
1 |
|
|a преобразовательная техника
|
| 610 |
1 |
|
|a схемы
|
| 610 |
1 |
|
|a стабилизаторы тока
|
| 610 |
1 |
|
|a тиристоры
|
| 610 |
1 |
|
|a индукционный нагрев
|
| 610 |
1 |
|
|a системы регулирования
|
| 610 |
1 |
|
|a алгоритмы управления
|
| 675 |
|
|
|a 621.314
|z rus
|v 3
|
| 702 |
|
1 |
|a Кантер
|b И. И.
|g Исай Израйлевич
|4 340
|
| 712 |
0 |
2 |
|a Саратовский политехнический институт (СПИ)
|c (1960-1992)
|2 stltpush
|3 (RuTPU)RU\TPU\col\283
|
| 801 |
|
0 |
|a RU
|b RuMRKP
|c 19950704
|g psbo
|
| 801 |
|
1 |
|a RU
|b 63413507
|c 20151118
|
| 801 |
|
2 |
|a RU
|b 63413507
|c 20190906
|g RCR
|
| 942 |
|
|
|c BK
|